Sports Quiz

Random Sports or MLB Quiz

Name The Player! MLB Quiz Stats

 Plays Quiz not verified by Sporcle

Challenge
Share
Tweet
Embed
Score 0/10 Timer 05:00
0 Plays Today
Achievements Answer % Correct
Hank Aaron AwardDavid Ortiz
91.9%
National League Most Valuable Player Award 2010Joey Votto
91.9%
3 Time Cy Young AwardClayton Kershaw
90.3%
1996 AL Rookie Of The YearDerek Jeter
88.7%
AL 2011 Cy Young Award Justin Verlander
88.7%
2016 NL Rookie Of The YearCorey Seager
85.5%
2016 World Series MVPBen Zobrist
72.6%
10 Time Gold Glove AwardRoberto Alomar
71%
2 Time Silver Slugger Award 2010/2011Troy Tulowitzki
30.6%
2014 Robert Clemente AwardJimmy Rollins
11.3%

You're not logged in!

Compare scores with friends on all Sporcle quizzes.
Join for Free
OR
Log In

You Might Also Like...

Show Comments

Extras

Created Jan 23, 2017ReportNominate
Tags:MLB Quiz, achievement, player, team

Top Quizzes Today


Score Distribution

Your Account Isn't Verified!

In order to create a playlist on Sporcle, you need to verify the email address you used during registration. Go to your Sporcle Settings to finish the process.

Report this User

Report this user for behavior that violates our Community Guidelines.

Details: